000 01198nam0a2200301 4500
001 RU\NLR\BIBL_A\022744947
005 20260305125249.0
035 _a(NLR Aleph) 022744947
090 _a13558810
_c13558810
100 _a20260305d1975 u y0rusy50 ca
101 0 _aaze
102 _aAZ
105 _ay z 000 y
181 0 _ai
_baxxe
182 0 _an
200 1 _aСовет Иттифагы Гәһрәманы Мүсеjиб Аллаһвердиjев
_fВагиф Нәсиб
203 _aТекст
_bвизуальный
_cнепосредственный
210 _aБакы
_cҜәнҹлик
_d1975
215 _a28,[1] с.
_d14
300 _aБөjүк Вәтән мүһарибәсиндә гәләбәсинин 30 иллиjи
541 1 _6z01790
_aГерой Советского Союза Мусеиб Аллахвердиев
_zrus
686 1 _aТ3(А)
700 1 _aНәсибов
_bВ. Һ.
_gВагиф Һүсеjн оғлу
_4070
702 1 _aАллахвердиев
_bМ. Г.
_gМусеиб Гусейн оглы
_4570
790 1 _6z01541
_aНасибов
_bВ. Г.
_gВагиф Гусейн оглы
_4070
942 _cBOOK
980 _aNB